Quizzes
Events
Quiz Creation
Community
Videos
Private Events
Remove Ads
Sign In
Join for FREE
Feedback
Dark Mode
Quiz Categories
Sports
Geography
Music
Movies
Television
Just For Fun
Miscellaneous
History
Literature
Language
Science
Gaming
Entertainment
Religion
Holiday
For Kids
Quiz Lab
Recent
Popular Today
Quiz Kudos Today
Editor Picks
Curator Picks
Quizzes by...
Day
Popularity
Type
Ratings
Length
Year
Community
Subscriptions
Recent Discussions
Orange Saloon
Badges
Playlists
Quests
Create
Leaderboards
Showdown
Live 5
Trivia Bingo
Activity
Puzzle Library
Sporcle Events
Private Events
Virtual Trivia
Globe League
Become a Host
Pub Owners
SporcleCon
Opinionation
Our Games
Videos
Blog
Mobile Apps
Partnerships
Remove Ads and Go Orange
Feedback
Gaming
Video Games
Board Games
Card Games
Pokémon
Mario
Nintendo
Minecraft
Console
Toys
Legend of Zelda
Gaming
Video Games
Board Games
Card Games
Pokémon
Mario
Nintendo
Minecraft
Console
Toys
Legend of Zelda
Random Quiz
Search Sporcle
×
Quiz Lab
Quiz Lab
Gaming
Nintendo
Type in answers that appear in a list
Type in answers that appear in a list
Classic
Best Score? Go Orange.
Zelda: Legend of the Wind Waker Trivia Stats
Can you name the answers to these Zelda related questions?
By
dina_rania_zaid
60s
15 Questions
576 Plays
576 Plays
576 Plays
Comments
Comments
Give Quiz Kudos
Give Quiz Kudos
-
- Ratings
hide this ad
More Info
Replay
Link that replays current quiz
Next Quiz
Link to next quiz in quiz playlist
You Got
0%
They Got
Avg Score
68%
Avg Friend Score
Upgrade to see
Score Distribution
Jump to the score distribution portion of the page
Score
0/15
Timer
01:00
0
Plays Today
Question
Answer
% Correct
What is the maximum number of eyes a giant sea squid can have?
Twelve
92.2%
How many bosses are there (including Ganon)?
Twelve
92.2%
How many bombs do you need to defeat the boss of the Tower of the Gods, Gohdan?
Three
89.2%
How many black and white bosses are there in Ganon's Tower?
Four
89.1%
How many attacks does Orca teach you in the whole game(including the hurricane spin)?
Six
87.2%
How many pieces of heart can you get on Windfall?
Nine
82.8%
How many dungeons are there(including Hyrule)?
Eight
82.5%
How many servings are in 5 bottles of elixir soup?
Ten
78.6%
Question
Answer
% Correct
How many rupees does Rose (the woman who wants pigs on outset) give you for each pig?
Twenty
76.2%
How many floors of enemies MUST you fight on Outset to get the Triforce Chart?
Thirty
60.4%
What gift does Aryll (Link's sister) give you?
Telescope
58.3%
How many pieces of heart are there in the game?
Fifty
49.7%
Do blue beams in the Tower of the Gods rotate(answer True/
False)?
False
38.2%
What are the controls for the wind song?
Up, Left, Right
26%
How many parts of the map are there?
Forty-Nine
25.9%
Quiz Playlist
Details
Report
Send in Message
Add To Playlist
More Info:
All about Zelda: the legend of the wind waker!
Classic:
Type in answers that appear in a list
Last Updated: Feb 16, 2017
Quiz Scoreboard
CHALLENGE
Sign Up to Join the Scoreboard
Show All
Scores
Hide
Comments
May contain spoilers
Recently Published
College Basketball Coaching Resumes
by pancakes188
Sports
9m
Billboard Blitz: Fleetwood Mac
by CooCooCachoo
Music
15s
Presidents Visiting Landmarks
by Hejman
History
7m
More to Explore
Quiz From the Vault
Featured Blog Post
Where Did the Easter Bunny Come From?
hide this ad
You Might Also Like...
Tags
Legend of Zelda Quiz
Nintendo Quiz
Wind Waker
Today's Top Quizzes in Gaming
Browse Gaming
hide this ad
Today's Top Quizzes in Nintendo
Browse Nintendo
Top Contributed Quizzes in Gaming
1
5-to-1: Consoles
2
7-to-1: Board Game Piece Blitz
3
5-to-1: Legend of Zelda
4
League of Legends Pro Players by Career/Team History
5
Destiny 2 exotic weapons by perk icons
6
Ultimate Genshin Impact Logic Puzzle (up to 4.3)
7
Franchise by Action Figure
8
Who's on the WWE 2K24 Cover?
9
Genshin Impact Logic Puzzle Quiz
10
Overwatch Logic Puzzle
Explore More
Trending Topics
Marvel
Crossword
Disney
Harry Potter
Kpop
NBA
Anime
Soccer
NFL
Puzzle
Song
WWE
Country
Pokémon
The Office
hide this ad
More By:
dina_rania_zaid
Quiz
Plays
Rating
Category
Featured
Created
Can you match the Doctor Who quote to the episode?
590
4.60
Television
Feb 27, 2013
Zelda: Legend of the Wind Waker Trivia
576
3.00
Gaming
Mar 24, 2012
Harry Potter 1-3: Chapters
411
3.44
Literature
Dec 21, 2010
French clothing
363
4.50
Language
Dec 21, 2010
Population last 30 in the year 2000
194
1.75
Geography
Sep 18, 2010
Go to Creator's Profile
Score Distribution
Quiz Creator Spotlight
dina_rania_zaid
Follow
Send a Message
Quizzes Created
-
Created Quiz Play Count
-
More By This Creator
Popular Quizzes Today
1
Find the US States - No Outlines Minefield
2
Find the Countries of Europe - No Outlines Minefield
3
The Countries of the World
4
Find the US States
5
Risky Map Clicking: Biggest States A-Z
6
US States
7
Popular People in 1961
8
Movies - When Are They Set?
More Gaming Quizzes
Castlevania SotN: Click the Locations
Quiz Lab
Trending Quizzes
Risky Map Clicking: Least Populous States A-Z
1-10 Letter G Words
1-10 Letter F Words
Risky Map Clicking: Next State Alphabetically
Risky Map Clicking: Biggest States A-Z
Recently Updated
Leaping Animals
pecheneg
Reality TV Shows (A-Z)
bhenderson79
Rickey Henderson's Hall of Fame Teammates
pecheneg
Champions League XIs: Arsenal
pecheneg
Quick Pick: Celebrities in WWE's Hall of Fame
aduchscher
A-Z Keypad Blitz II
pecheneg
Multiple Oscar Actors
pecheneg
Mystery Phrase Blitz: Oscar 'Best Actors'
pecheneg
F. Scott Fitzgerald Novels
LTH
Pick 3 Villains
ddd62291
Trending Topics
Marvel
Harry Potter
Crossword
NBA
Disney
Kpop
Anime
NFL
WWE
Pokémon
Song
Country
Puzzle
The Office
Soccer
Your Account Isn't Verified!
In order to create a playlist on Sporcle, you need to verify the email address you used during registration. Go to your
Sporcle Settings
to finish the process.
Report this User
Report this user for behavior that violates our
Community Guidelines
.
Details:
Send Report
Go to the Sporcle.com Mobile Site →
Comments